Normal view MARC view

Entry Personal Name

Number of records used in: 1

001 - CONTROL NUMBER

  • control field: 871959

003 - CONTROL NUMBER IDENTIFIER

  • control field: OSt

005 - DATE AND TIME OF LATEST TRANSACTION

  • control field: 20260114185606.0

008 - FIXED-LENGTH DATA ELEMENTS

  • fixed length control field: 260114|| aca||aabn | a|a d

040 ## - CATALOGING SOURCE

  • Original cataloging agency: OSt
  • Transcribing agency: OSt

100 ## - HEADING--PERSONAL NAME

  • Personal name: Stefan Esders, Yitzhak Hen, Pia Lucas and Tamar Rotman

670 ## - SOURCE DATA FOUND

  • Source citation: Work cat.: (OSt)1470907: Stefan Esders, Yitzhak Hen, Pia Lucas and Tamar Rotman, The Merovingian Kingdoms and the Mediterranean World Revisiting the Sources, 2019
Copyright @ Delhi University Library System